LEADER 01295nam a2200301 a 4500 001 000000130746 003 CaOOAMICUS 005 20121005133341.0 008 121005m2009 it u000 u ita r 020 $a978-88-6409-025-2 040 $aPUL$bita 082 04$a110 100 1 $aTyn, Tomas,$d1950-1990.$0(OLS)http://pul/name/82596 245 10$aMetafisica della sostanza :$bpartecipazione e analogia entis /$cP. Tomas Tyn ; a cura di P. Giovanni Cavalcoli. 260 $aVerona :$bFede & Cultura,$c2009. 300 $a1021 p. ;$c24 cm 490 1 $aCollana filosofica ;$v11 650 4$aMetafisica$xStudi.$0(OLS)http://pul/subject/8506 700 1 $aCavalcoli, P. Giovanni,$cO.P.,$d1941-$0(OLS)http://pul/name/37859 830 0$aCollana filosofica ;$v11.$0(OLS)http://pul/title/163093 850 $aPUL 852 $aPUL$W1$xSL Filosofia 3$y81$m110 TYNTO 1$j151156$qDDC 21$B149882$CPULBib$Z2$F149882 $H120913 $82 941 1 $a9 996 $6020$a978-88-6409-025-2$9(OLS)http://pul/number/150762 996 $6082$a110$9(OLS)http://pul/classification/454 996 $6245$aMetafisica della sostanza :$bpartecipazione e analogia entis$9(OLS)http://pul/title/165225 996 $6260$aVerona :$bFede & Cultura$9(OLS)http://pul/publisher/79442 LEADER 01199nam a2200265 u 4500 001 000000108538 003 CaOOAMICUS 005 20081201122602.0 008 071129s2006 it u000 u ita u 020 $a88-13-26857-2 040 $aPUL$bita$dLDB 245 00$aEquo processo: normativa italiana ed europea a confronto /$cD. Battista ... [et al.] ; a cura di Leonardo Filippi. 260 $aPadova :$bCEDAM,$cc2006. 300 $aviii, 355 p. ;$c24 cm. 490 1 $aProblemi attuali della giustizia penale ;$v14 504 $aBibliografia in nota. 650 4$aProcesso penale.$0(OLS)http://pul/subject/24333 700 1 $aFilippi, Leonardo,$d1947-$0(OLS)http://pul/name/66522 830 0$aProblemi attuali della giustizia penale ;$v14.$0(OLS)http://pul/title/136569 850 $aPUL 852 $aPUL$W1$xSL Diritto e Scienze Sociali 3$y79$m341. 481 FILLE 1$j123701$qDDC 21$B122633$CPULBib$Z2$F122633 $H105616 $82 941 1 $a9 996 $6020$a88-13-26857-2$9(OLS)http://pul/number/136424 996 $6245$aEquo processo: normativa italiana ed europea a confronto$9(OLS)http://pul/title/136568 996 $6260$aPadova :$bCEDAM$9(OLS)http://pul/publisher/48126